000
00275 a2200109 4500
001
68574
040
_c
Anchieta - Itaigara
240
1
0
_a
Colégio Anchieta
_l
245
1
0
_a
Colégio Anchieta
650
4
_a
Documentários, mídia educacional, jornalismo e publicidade
942
_c
MX
999
_c
68574
_d
68574